000 00529nam a22001937a 4500
003 OSt
005 20140310182158.0
008 130902t xxu||||| |||| 00| 0 eng d
050 _aMT 259
_b.D532 2006
082 _aHS 785
_bD532 2006
100 _aDezaire, Nico
_916103
245 _aStrings togther /
_cNico Dezaire
260 _aHeerenveen, Holland :
_bDe Haske Pub,
_cc2006.
300 _a28 p.
_bill. ;
_c31 cm.
650 _aOrchestra music
_916575
650 _aString music
_916576
942 _2lcc
_cHS
999 _c10153
_d10153